Revista de derecho de daños 2018 - 1 : responsabilidad del Estado /
Guardado en:
| Formato: | Libro |
|---|---|
| Idioma: | Spanish |
| Publicado: |
Santa Fe :
Rubinzal - Culzoni,
2018.
|
| Edición: | 1a. ed. rev. |
| Materias: | |
| Etiquetas: |
Agregar Etiqueta
Sin Etiquetas, Sea el primero en etiquetar este registro!
|
| LEADER | 00681nam a22002055a 4500 | ||
|---|---|---|---|
| 001 | DER.der013689 | ||
| 008 | 180904s2018####ag#####|###|#|######spa|| | ||
| 005 | 20230608102841.0 | ||
| 245 | 1 | 0 | |a Revista de derecho de daños 2018 - 1 : |b responsabilidad del Estado / |c Mosset Iturraspe, Jorge. |
| 250 | |a 1a. ed. rev. | ||
| 260 | |a Santa Fe : |b Rubinzal - Culzoni, |c 2018. | ||
| 300 | |a 648 p. | ||
| 020 | |a 9789873012792 | ||
| 700 | 1 | |a Mosset Iturraspe, Jorge, |e dir. | |
| 700 | 1 | |a Lorenzetti, Ricardo Luis, |e dir. | |
| 650 | 7 | |a FUNCIONARIOS PUBLICOS | |
| 650 | 7 | |a REPARACION CONSTITUCIONAL | |
| 650 | 7 | |a EJECUCION DE SENTENCIAS | |
| 650 | 7 | |a REGULACION | |
| 859 | |a DERECHO |b BIB. DERECHO |h 346 |i REV |p 008733 | ||
